000 00695nam a2200289Ia 4500
005 20260324132734.0
008 008 260324s9999 xx 000 0 eng d
020 _a9781351149167
037 _aEBOOK
040 _aCRL
040 _beng
040 _cCRL
041 _2eng
041 _aeng
084 _qCRL
100 _aSheila Gaffey
_91190441
245 0 _aSignifying Place
245 4 _bThe Semiotic Realisation of Place in Irish Product Marketing
260 _bTaylor and Francis
260 _c2004
365 _a
365 _b230
856 _uhttp://www.taylorfrancis.com/books/9781351149167
942 _cEBOOK
999 _c1788794
_d1788794